000 02063nam a2200301 i 4500
001 143855
003 ES-MaACL
005 20250716062529.0
007 t|
008 070214s1987 sp a |||| |dspa d
020 _a84-03-00959-3
080 _a820 Shakespeare, William1"15"
080 _a821.111-82"15"
100 1 _aShakespeare, William,
_d1564-1616
_9105992
245 1 0 _aObras completas /
_cWilliam Shakespeare ; estudio preliminar, traducción y notas de Luis Astrana Marín.
250 _a16ª ed., 4ª reimp.
260 _aMadrid :
_bAguilar,
_c1987.
300 _a2 v. (1262 p. ; 1185 p.) ;
_c18 cm.
490 1 _aObras eternas
490 1 _aObras completas de William Shakespeare
505 8 _aV. 1, contiene: ;
_tTrabajos de amor perdidos ;
_tLos dos hidalgos de Verona ;
_tLa comedia de las equivocaciones ;
_tLa tragedia de Romeo y Julieta ;
_tLa vida y muerte del Rey Juan ;
_tEl rey Ricardo II ;
_tRey Enrique IV ;
_tLa vida del rey Enrique V ;
_tLa tragedia de Ricardo III ;
_tLa famosa historia del rey Enrique VIII ;
_tTito Andrónico ;
_tSueño de una noche de verano ;
_tA buen fin no hay mal principio ;
_tLa doma de la bravía ;
_tEl mercader de Venecia ;
_tLas alegres casadas de Windsor
505 8 _aV. 2, contiene: ;
_tMucho ruido y pocas nueces ;
_tA vuestro gusto ;
_tNoche de Epifanía, o Lo que queráis ;
_tJulio César ;
_tHamlet, príncipe de Dinamarca ;
_tTroilo y Cressida ;
_tOtelo, el moro de Venecia ;
_tMedida por medida ;
_tLa tragedia de Macbeth ;
_tEl rey Lear ;
_tTimón de Atenas ;
_tPericles, príncipe de Tiro ;
_tAntonio y Cleopatra ;
_tCoriolano ;
_tCimbelino ;
_tEl cuento de invierno ;
_tLa tempestad ;
_tVenus y Adonis ;
_tLa violación de Lucrecia ;
_tQuerellas de un amante ;
_tEl peregrino apasionado ;
_tSonetos para diferentes aires de música ;
_tEl fénix y la tórtola ;
_tSonetos
700 1 _aAstrana Marín, Luis.
_923693
830 0 _aObras eternas
_9183511
830 0 _aObras completas de William Shakespeare
_9220616
852 _aES-MaACL
_jB-2009-10
999 _c143855
_d143855